| 000 | 01115nam a22002297a 4500 | ||
|---|---|---|---|
| 008 | 081007t xxu||||| |||| 00| 0 mar | ||
| 010 | _aMAR-20016 | ||
| 020 |
_c70.00 _a9788177668872 |
||
| 035 | _aMR-12674 | ||
| 037 | _bD.B.Act /pub | ||
| 082 | _a155.2 | ||
| 100 | _aपरळीकर, संजीव | ||
| 245 |
_aचार शब्द द्यावे-घ्यावे / _cसंजीव परळीकर |
||
| 246 |
_aChar Shabad Dayave-Ghayave _bby Sanjeev Parlikar |
||
| 260 |
_aपुणे _bमेहता पब्लिशिंग हाऊस _c2007 |
||
| 270 |
_a1941, सदाशिव पेठ _bपुणे _e30 _k020-24476924 _mmehtapublishinghouse.com |
||
| 300 |
_aचार,60 पृ _c22सेमी (अजिल्द) |
||
| 650 | _aव्यकित्तव विकास | ||
| 650 | _aPersonality Development | ||
| 942 |
_2ddc _cMR _mपरळी _h155.2 |
||
| 999 |
_c21183 _d21183 |
||